MARC details
| 000 -CABECERA |
| campo de control de longitud fija |
01010nam a2200265 a 4500 |
| 001 - NÚMERO DE CONTROL |
| campo de control |
000024815 |
| 005 - FECHA Y HORA DE LA ÚLTIMA TRANSACCIÓN |
| campo de control |
20200930023403.0 |
| 008 - DATOS DE LONGITUD FIJA--INFORMACIÓN GENERAL |
| campo de control de longitud fija |
110203s2004 mx r 000 | spa d |
| 020 ## - NÚMERO INTERNACIONAL ESTÁNDAR DEL LIBRO |
| Número Internacional Estándar del Libro |
8888405208 |
| 040 ## - FUENTE DE LA CATALOGACIÓN |
| Centro catalogador/agencia de origen |
DO-SdBNP |
| Lengua de catalogación |
spa |
| Centro/agencia transcriptor |
BNPHU |
| 082 ## - NÚMERO DE LA CLASIFICACIÓN DECIMAL DEWEY |
| Número de clasificación |
850.9 |
| Número de documento/Ítem |
P944h |
| 049 ## - FONDOS LOCALES (OCLC) |
| Fondos de biblioteca |
BNGR |
| 100 1# - ENTRADA PRINCIPAL--NOMBRE DE PERSONA |
| Nombre de persona |
Prezzolini , Giuseppe, |
| Fechas asociadas al nombre |
1882-1982 |
| 9 (RLIN) |
50921 |
| 245 10 - MENCIÓN DE TÍTULO |
| Título |
Historia de bolsillo de la literatura italiana / |
| Mención de responsabilidad, etc. |
Giuseppe Prezzolini ; traducción Nuria Pérez Vicente ; introducción Pierfranco Bruni ; edición Danilo Manera. |
| 260 ## - PUBLICACIÓN, DISTRIBUCIÓN, ETC. |
| Lugar de publicación, distribución, etc. |
Martorano Cesena, (Italia) : |
| Nombre del editor, distribuidor, etc. |
Arci Solidarietà Cesenate, |
| Fecha de publicación, distribución, etc. |
2004. |
| 300 ## - DESCRIPCIÓN FÍSICA |
| Extensión |
111 p. ; |
| Dimensiones |
17 cm.. |
| 490 1# - MENCIÓN DE SERIE |
| Mención de serie |
Un Mar de Sueños |
| Designación de volumen o secuencia |
14 |
| 500 ## - NOTA GENERAL |
| Nota general |
Incluye referencia bibliográficas |
| 650 #4 - PUNTO DE ACCESO ADICIONAL DE MATERIA--TÉRMINO DE MATERIA |
| Término de materia o nombre geográfico como elemento de entrada |
Literatura italiana |
| Subdivisión general |
Historia y crítica |
| 9 (RLIN) |
39820 |
| 650 #4 - PUNTO DE ACCESO ADICIONAL DE MATERIA--TÉRMINO DE MATERIA |
| Término de materia o nombre geográfico como elemento de entrada |
Literatura |
| Subdivisión general |
Historia |
| 9 (RLIN) |
50922 |
| 700 1# - PUNTO DE ACCESO ADICIONAL--NOMBRE DE PERSONA |
| Nombre de persona |
Pérez Vicente, Nuria |
| Término indicativo de función/relación |
tr. |
| 9 (RLIN) |
50923 |
| 700 1# - PUNTO DE ACCESO ADICIONAL--NOMBRE DE PERSONA |
| Nombre de persona |
Bruni, Pierfranco |
| Término indicativo de función/relación |
intr.. |
| 9 (RLIN) |
50924 |
| 700 1# - PUNTO DE ACCESO ADICIONAL--NOMBRE DE PERSONA |
| Nombre de persona |
Manera, Danilo |
| Término indicativo de función/relación |
ed. |
| 9 (RLIN) |
23179 |
| 830 #0 - PUNTO DE ACCESO ADICIONAL DE SERIE-TÍTULO UNIFORME |
| Título uniforme |
Un Mar de Sueños; |
| Designación de volumen o secuencia |
14 |
| 9 (RLIN) |
40693 |